01158nab a22002417a 4500999001500000003000400015005001700019008004100036040000700077100003200084245011100116260007300227300001300300500004400313505021200357505009000569650001900659650002700678650002100705650003100726773014600757942001300903 c5435d5435OSt20250909101410.0190604e xxu||||| |||| 00| 0 spa d cPJ 96115aPravato, Luis Emilio 13aBreves reflexiones sobre el voto a partir de la aprobación de la boleta única /cPravato, Luis Emilio  aCiudad Autónoma de Buenos Aires :bThomson Reuters La Ley, c2025. ap. 23-31 aCita Online: TR LALEY AR/DOC/135/2025.  aSumario: I. Introducción.— II. La dialéctica entre el voto y la representación política.— III. Ejercicio del voto. Un recorrido por la historia electoral argentina.— IV. A modo de conclusión. t¿Te interesa el texto completo? Solicitalo al correo: koha@justierradelfuego.gov.ar  091283aSUFRAGIO 09904aDERECHO ELECTORAL 091285aELECCIONES 096447aBOLETA ÚNICA PAPEL0 0271493171dCiudad Autónoma de Buenos Aires : Thomson Reuters La Ley, 2014-tRevista anales de legislación argentina. Nº 4 - Abril 2025. 2udccANA